000 01087cab a2200301 4500
001 ABS49609
008 090401t1993 xxu||||| |||| 00| 0 eng d
035 _a(Sirsi) u71933
041 _aeng
100 _aChevin, D.
245 _aManagement design
260 _c1993
350 _a0
490 _aBuilding
_v258(7818) 5 November 1993, 36-41(6)
520 _aA feature stressing the importance of effective management of the design process. Included are contributions on the Glaxo project at Stevenage, the necessity of thorough project briefs, use of CAD in design management and a new report from Reading University, "The successful management of design - a handbook of building design management".
650 _aBUILT ENVIRONMENT-CONSTRUCTION DESIGN
650 _aBUILDING TEAMS
650 _aCAD
650 _aDESIGN MANAGEMENT
650 _aDESIGN TEAMS
650 _aPROJECT BRIEFS
650 _aPROJECTS
650 _aSONATA
690 _aBUILT ENVIRONMENT-CONSTRUCTION DESIGN
690 _aProject management
_96261
942 _n0
948 _c04/03/1997
999 _c45372
_d45372